La esclavitud indígena en Venezuela: siglo XVI

Uloženo v:
Podrobná bibliografie
Hlavní autor: Jiménez G., Morella A (Autor)
Médium: Kniha
Jazyk:španělština
Vydáno: Caracas Fuentes para la Historia Colonial de Venezuela 1986
Edice:Biblioteca de la Academia Nacional de la Historia, 185
Témata:
Tagy: Přidat tag
Žádné tagy, Buďte první, kdo vytvoří štítek k tomuto záznamu!

MARC

LEADER 00000nam a2200000 a 4500
001 UCR0544
003 CL-VaPUC
008 971205e19860000VE |||||||||||||||||spa|d
082 0 4 |a 987.03  |b JIM  |2 21 
100 0 |a Jiménez G., Morella A  |e author  |9 396348 
245 1 3 |a La esclavitud indígena en Venezuela: siglo XVI 
300 |a 333 p 
942 |c BK 
945 |d 19971205 00:00:00  |a cmena 
260 |a Caracas  |b Fuentes para la Historia Colonial de Venezuela  |c 1986 
650 0 |a Historia venezolana  |9 393448 
650 0 |a Epoca colonial   |9 352022 
650 0 |a Esclavitud  |9 323605 
650 7 |a INDIOS  |2 CL-VaPUC  |9 258588 
650 0 |a Población  |9 257577 
650 0 |a Etnografía   |9 309735 
650 0 |a Historia venezolana  |y Siglo 16  |9 396349 
650 0 |a Opresión   |9 349344 
650 0 |a Tiranía  |9 338300 
651 0 |a Venezuela  |9 254993 
583 |a last modification  |c 19971205 00:00:00  |k Rodrigo Vera 
490 0 |a Biblioteca de la Academia Nacional de la Historia, 185 
999 |c 264046  |d 264044 
952 |0 0  |1 0  |4 0  |6 987_030000000000000_JIM_1986  |7 0  |8 DER_HDC  |9 293633  |a BIBDER  |b BIBDER  |d 2019-11-19  |i 190860K  |o 987.03 JIM 1986  |p 190860K  |r 2023-01-25  |w 2019-11-19  |x Ubicación 4to Piso  |y BK  |z Estos recursos deben solicitarse con anticipación  |k DER